000
00285nam a22001337a 4500
008
171012b xxu||||| |||| 00| 0 eng d
020
_a
9780534148386
041
_a
eng
080
_a
316
100
_a
50
101
_a
SOC
245
_a
RESEARCH METHODS
_c
MARLON.CH
942
_2
udc
_c
BK
999
_c
33389
_d
33389